Statistics for Top 100 Greys Anatomy Characters

Click here to take the quiz!

General Stats

  • This quiz has been taken 10,937 times
    (10,679 since last reset)
  • The average score is 41 of 100

Answer Stats

#EpisodesAnswer% Correct
381Dr. Meredith Grey
99%
359Dr. Alex Karev
97%
230Dr. Cristina Yang
97%
381Dr. Miranda Bailey
97%
261Dr. Derek Shepherd
96%
109Dr. George O’Malley
95%
381Dr. Richard Webber
95%
123Dr. Izzie Stevens
94%
145Dr. Mark Sloan
93%
227Dr. Arizona Robbins
91%
244Dr. Callie Torres
91%
121Dr. Lexie Grey
91%
272Dr. Jackson Avery
90%
300Dr. Owen Hunt
90%
204Dr. April Kepner
88%
206Dr. Jo Wilson
87%
166Dr. Amelia Shepherd
86%
59Dr. Addison Montgomery
84%
27Dr. Ellis Grey
81%
63Dr. Preston Burke
79%
129Dr. Teddy Altman
79%
161Dr. Maggie Pierce
75%
61Zola Shepherd
71%
136Dr. Andrew DeLuca
65%
138Dr. Ben Warren
64%
120Dr. Stephanie Edwards
64%
73Dr. Catherine Fox
63%
25Dr. Erica Hahn
62%
58Dr. Atticus Lincoln
58%
25Denny Duquette
54%
76Dr. Levi Schmitt
54%
23Adele Webber
52%
16Thatcher Grey
51%
46Dr. Leah Murphy
50%
48Dr. Nathan Riggs
49%
47Dr. Shane Ross
49%
12Dr. Reed Adamson
46%
60Dr. Tom Koracick
45%
35Dr. Carina DeLuca
43%
15Dr. Charles Percy
43%
23Dr. Heather Brooks
42%
34Dr. Nico Kim
42%
26Intern Megan
42%
8Sofia Sloan-Torres
42%
21Dr. Penelope Blake
37%
57Dr. Taryn Helm
37%
8Eli Lloyd
37%
15Henry Burton
36%
8William “Tuck” Bailey-Jones
36%
262Nurse Bokhee
35%
19Nurse Olivia
34%
18Rebecca Pope (Ava)
32%
26Dr. Cormac Hayes
31%
18Dr. Winston Ndugu
29%
9Dr. Finn Dandridge
28%
17Matthew Taylor
26%
12Nurse Rose
26%
12Dr. Eliza Minnick
25%
13Dr. Nicole Herman
25%
34Joe
25%
12Dr. Sam Bello
24%
7Tucker Jones
23%
37Intern Steve
22%
8Dr. Lucy Fields
20%
7Dr. Robert Stark
18%
8Intern Lucy
18%
8Sadie Harris
18%
19Intern Leo
17%
28Dr. Dahlia Qadri
16%
38Paramedic Nicole
16%
28Derek Bailey Shepherd
15%
16Dr. Vik Roy
15%
8Dr. Sydney Heron
14%
12Betty / Britney
13%
28Dr. Casey Parker
13%
29Nurse Tyler
12%
7Louise O’Malley
11%
9Dr. Katherine Wyatt
10%
18Dr. Hannah Brody
9%
15Dr. Ryan Spalding
9%
19Intern Dani
9%
19Intern Laura
9%
15Nurse Kate
9%
8Dr. Blake Simms
8%
18Dr. Issac Cross
8%
40Dr. Knox
8%
14Patricia Murphy
8%
8Dr. Raj Sen
7%
9Evelyn Hunt
7%
16Nurse Karen
7%
8Victoria Hughes
7%
16Intern Claire
6%
17Paramedic Grace
6%
17Paramedic Ray
6%
7Dr. Andrew Perkins
5%
19Nurse Gloria
5%
19Nurse Ruth
5%
22Intern Pierce
4%
9Larry Jennings
4%
24Intern Graciella
3%

Score Distribution

Percentile by Number Answered

Percent of People with Each Score

Your Score History

You have not taken this quiz since the last reset